Les états Etats-Unis : Massachusetts - Statistiques

Statistiques générales
  • Ce quiz a été pris 53 fois
  • Le résultat moyen est 11 sur 20
Statistiques - réponses
Hint Réponse % Correct
Capitale et plus grande ville Boston
96%
Nom du bateau signifiant littéralement "Fleur de mai" qui a amené ces colons jusqu'en Amérique Mayflower
78%
Couleur principale du drapeau qui met en avant la culture côtière de l'état Bleu
74%
Deuxième langue la plus parlée après l'anglais Français
74%
Plus vielle université des États-Unis Harvard
72%
Parti politique le plus représenté Démocrate
70%
Pays le plus représenté dans l'origine des habitants Irlande
61%
35ème président des États-Unis élu en 1961 né au Massachusetts John Fitzgerald Kennedy
61%
Région du nord-est des États-Unis qui comprend six états dont le Massachusetts Nouvelle Angleterre
61%
Nom de la révolte des colons américains contre le gouvernement anglais lors de laquelle les manifestants ont jetés des caisses de thé à la mer Boston Tea Party
59%
Fleuve qui traverse la capitale et qui porte le même prénom que le monarque britannique Fleuve Charles
59%
Franchise de NBA basé dans la capitale Celtics de Boston
57%
Acteur né dans le Massachusetts connu pour ses rôles dans "Invictus", "Interstellar" ou en "Seul sur Mars" Matt Damon
57%
Nom de la fête américaine né en 1621 dans l'actuel Massachusetts qui fût un moment de partage entre européens et amérindiens Thanksgiving
57%
Roman d'Herman Melville qui raconte les exploits d'un baleinier qui commence son périple sur l'île de Nantucket au Massachusetts Moby Dick
52%
Principal fleuve qui a donné son nom à un état frontalier Connecticut
39%
Poète et écrivain américain né dans la capitale du Massachsetts qui a notamment écrit "le Corbeau" et "le Chat noir" Edgar Allan Poe
26%
Camps du Massachusetts pendant la guerre de Sécession L'Union
26%
Deuxième plus vielle ville des États-Unis qui a vu débarquer les premiers colons européens en 1620 Plymouth
22%
Surnom L'état de la baie
4%
Aucun quiz correspondant
Distribution des résultats
% des personnes avec chaque résultat
Percentile par nombre de réponses
Votre historique - résultats
Vous n’avez pas pris ce quiz